00703 2200205 4500001002100000005001700021008004100038020001800079035002400097082001200121090002200133245011400155260009300269300002400362500002900386650002800415700002100443850001200464999002100476YOGYA-0209000005529220090227033515.0 ind  a979-698-047-9 0010-020900000055292 a362.293 a362.293bUjilDEP aUJI coba pola pemberdayaan keluarga dalam pencegahan bahaya penyalahgunaan narkobacGunanto Sunjono..[et al.] aYogyakartabBalai Besar penelitian dan Pengembangan Pelayanan Kesejahteraan Sosialc2002 aviii, 95 hlmc21 cm aBibliografi : hlm. 82-83 aNarkotika - Aspek moral aSurjono, Gunanto aYOPDYOG a2002-269 CB-D.11